000 00328nam a22001577a 4500
003 SGT
082 _a611
_bH15S
100 _aSINGH, INDERBIR
245 _aHUMAN EMBRYOLOGY
250 _a10TH
260 _aDELHI
_bJAYPEE BROTHERS
_c2015
300 _a384
650 _aHOMOEOPATHIC
653 _aEMBRYOLOGY
942 _2ddc
_cBK
999 _c18210
_d18210